000 00895nam a2200277 i 4500
001 bg
003 BPK
005 20191023103318.0
008 030627s2003 pl a f f |000 0 pol
015 _aPB 2003/10762
020 _a8301138645
040 _aWA N
_cBPK
041 0 _apol
080 _a624.012.45
080 _a(075.8)
100 1 _aStarosolski, Włodzimierz
_d(1933- )
_eAutor
245 1 0 _aKonstrukcje żelbetowe :
_bwedług PN-B-03264:2002.
_nT. 1 /
_cWłodzimierz Starosolski.
250 _aWyd. 8 zm.
260 _aWarszawa :
_bWydaw. Naukowe PWN,
_c2003.
300 _a450, [2] s. :
_bil. ;
_c24 cm.
655 4 _aPodręczniki akademickie
650 4 _aKonstrukcje żelbetowe
710 2 _aWydawnictwo Naukowe PWN
_4pbl.
856 _uhttp://koha.tu.koszalin.pl/cgi-bin/koha/opac-detail.pl?biblionumber=43329
_yKatalog online BPK
942 _2UKD
_cKS
999 _c43329
_d43329